000 00821cam3a220026500 4500
001 lce00768923
008 721003s1973 nyua b 000 0 eng
010 _a 72010163
020 _a0471199850
035 _a(Sirsi) r95621
035 _a(DLC) 72010163
035 _a(UPRA)lce00768923
040 _dUPRA
050 0 _aTH900
_b.D38
082 _a624/.028
100 1 _aDay, David A., 1924-
_dDay, David A., 1924-
_6A54261.1
245 1 0 _aConstruction equipment guide.
260 _aNew York :
_bWiley,
_c[1973]
490 0 _aWiley series of practical construction guides
_6S3867.1
500 _a"A Wiley-Interscience publication."
504 _aIncludes bibliographical references.
650 0 _aConstruction equipment.
_6S13738.1
949 _aTH900
_wlcc
_i-135073
_mMAIN
_tBOOK
_lON-SHELF
004 95621
999 _c134930
_d134930